| 000 | 00474nam a22001817a 4500 | ||
|---|---|---|---|
| 005 | 20251108164735.0 | ||
| 008 | 250721s1959 xx 000 0 ara d | ||
| 082 | 1 | 4 | _a808.1/إحس |
| 100 | 1 | _aعباس، إحسان | |
| 245 | 1 | 0 | _aفن الشعر / |
| 250 | _aط3 | ||
| 264 | 1 |
_aبيروت : _bدار الثقافة، _c1959. |
|
| 300 | _a284ص | ||
| 490 | 0 | _aسلسلة الفنون الأدبية؛ 3 | |
| 650 | 1 | 7 | _aالشعر |
| 942 |
_2ddc _cBK |
||
| 999 |
_c13185 _d13185 |
||